000 00474pab a2200157 454500
008 180718b2011 xxu||||| |||| 00| 0 eng d
100 _aSapir, Andre
245 _aEuropean integration at the crossroads: A review essay on the 50th anniversary of Bela Balassa's theory of economic integration
260 _c2011
300 _ap.1200-1229.
362 _aDec
650 _aEconomic integration
773 _aJournal of Economic Literature
908 _aN
909 _a95454
999 _c95454
_d95454